| 000 | 00563nam a22002297a 4500 | ||
|---|---|---|---|
| 003 | URS | ||
| 005 | 20250828100505.0 | ||
| 008 | 250403b ||||| |||| 00| 0 eng d | ||
| 020 | _a9716720262 | ||
| 040 | _cURS | ||
| 050 |
_aHA29 _b.B795s 2006 |
||
| 100 |
_912091 _aBroto, Antonio S. |
||
| 245 | _aStatistics made simple | ||
| 250 | _a2nd Edition | ||
| 264 | _c©2006 | ||
| 300 |
_a303 pages.,: _c21 cm. |
||
| 336 |
_2rdacontent _atext |
||
| 337 |
_2rdamedia _aunmediated |
||
| 338 |
_2rdacarrier _avolume |
||
| 650 | 0 |
_92504 _aStatistics |
|
| 942 |
_2lcc _cF |
||
| 999 |
_c84922 _d84920 |
||